Liar's market / (Record no. 8128)

000 -LEADER
fixed length control field 00789cam a2200265 a 4500
001 - CONTROL NUMBER
control field 13560551
005 - DATE AND TIME OF LATEST TRANSACTION
control field 20190409020044.0
008 - FIXED-LENGTH DATA ELEMENTS--GENERAL INFORMATION
fixed length control field 040415s2004 onc 000 1 eng d
010 ## - LIBRARY OF CONGRESS CONTROL NUMBER
LC control number 2004380395
015 ## - NATIONAL BIBLIOGRAPHY NUMBER
National bibliography number GBA3-T6527
020 ## - INTERNATIONAL STANDARD BOOK NUMBER
International Standard Book Number 0778320081
035 ## - SYSTEM CONTROL NUMBER
System control number 8079172
040 ## - CATALOGING SOURCE
Original cataloging agency BNB
Transcribing agency BNB
Modifying agency DLC
042 ## - AUTHENTICATION CODE
Authentication code lccopycat
050 00 - LIBRARY OF CONGRESS CALL NUMBER
Classification number PS3569.M537995
Item number L53 2004
082 00 - DEWEY DECIMAL CLASSIFICATION NUMBER
Classification number 813/.54
Edition number 22
100 1# - MAIN ENTRY--PERSONAL NAME
Personal name Smith, Taylor.
245 10 - TITLE STATEMENT
Title Liar's market /
Statement of responsibility, etc. Taylor Smith.
260 ## - PUBLICATION, DISTRIBUTION, ETC. (IMPRINT)
Place of publication, distribution, etc. Don Mills, Ont. :
Name of publisher, distributor, etc. Mira,
Date of publication, distribution, etc. c2004.
300 ## - PHYSICAL DESCRIPTION
Extent 346 p. ;
Dimensions 25 cm.
655 #7 - INDEX TERM--GENRE/FORM
Genre/form data or focus term Spy stories.
Source of term gsafd
906 ## - LOCAL DATA ELEMENT F, LDF (RLIN)
a 7
b cbc
c copycat
d 2
e ncip
f 20
g y-gencatlg
942 ## - ADDED ENTRY ELEMENTS (KOHA)
Source of classification or shelving scheme
Koha item type Special Collection
Koha issues (borrowed), all copies 3
Holdings
Withdrawn status Lost status Source of classification or shelving scheme Damaged status Not for loan Home library Current library Shelving location Date acquired Source of acquisition Total Checkouts Full call number Barcode Date last seen Date last checked out Price effective from Koha item type
          MACHAKOS UNIVERSITY LIBRARY MACHAKOS UNIVERSITY LIBRARY Special Collection 09/10/2015 Donation (B.F.A) 6 SPE PS 3569 .M537995 2004 11837 08/02/2024 01/02/2024 09/10/2015 Special Collection
© Machakos University Library, Along The Highway, Machakos Wote Rd, Machakos, Kenya P.O. Box 136 - 90100 Machakos - Kenya

Tel: ( +254 ) 723 805829 OR Fax : 044-20353 OR Email: library@mksu.ac.ke